| 000 | 01505cam a22002531 4500 | ||
|---|---|---|---|
| 001 | 2715 | ||
| 003 | FISKH | ||
| 005 | 20240111093846.0 | ||
| 008 | 750512t19631962nyua 000 0 eng | ||
| 010 | _a 62010104 | ||
| 035 | _a(OCoLC)1327756 | ||
| 040 |
_aDLC _cFM _dOCoLC _dDLC |
||
| 050 | 0 | 0 |
_aD530 _b.P5 1963 |
| 082 | _a940.43 | ||
| 100 | 1 | _aPitt, Barrie. | |
| 245 | 1 | 0 |
_a1918 _bthe last act _cbarrie pitt |
| 250 | _aCorgi edition published 1965 | ||
| 260 |
_aNew York, _bCassel _c1962 |
||
| 300 |
_a318 pages : _billustrations _c22 cm. |
||
| 520 | _aBy 1918, after three years of war, Europe was weary of the stalemate and the terrible slaughter on the Western Front. The Russian Front had collapsed but the United States had abandoned her neutral stance and joined the Allies. So the stage was set for what would be the last year of the Great War. Acclaimed historian Barrie Pitt describes the savage battles that raged unceasingly along the Western Front, and analyses the policies of the warring powers and studies the men who led them. From the German onslaught of 21st March 1918 - the Kaiser's Battle designed to force a resolution before America's armies could tip the balance - through the struggles in Champagne and the Second Battle of the Marne to the turning point in August and final victory, the author gathers together scattered material to make an enthralling book. | ||
| 650 | 0 | _aWorld War, 1914-1918. | |
| 906 |
_a7 _bcbc _coclcrpl _du _encip _f19 _gy-gencatlg |
||
| 942 |
_2ddc _cBK _n0 |
||
| 999 |
_c2715 _d2715 |
||